Pokémon - Grass-type Pokémon - Statistics

General Stats
  • This quiz has been taken 305 times
    11 since last reset
  • The average score is 114 of 143
Answer Stats
Second Type Pokémon % Correct
Dragon Appletun
100%
Dragon Applin
100%
N/A Bayleef
100%
N/A Bellossom
100%
Poison Bellsprout
100%
Fighting Breloom
100%
PRIMARY GRASS (Poison) Bulbasaur
100%
N/A Grovyle
100%
Flying Hoppip
100%
Poison Ivysaur
100%
Flying Jumpluff
100%
N/A Meganium
100%
SECONDARY GRASS (Bug) Paras
100%
Bug Parasect
100%
Poison Roselia
100%
N/A Sceptile
100%
N/A Shroomish
100%
Flying Skiploom
100%
Poison Venusaur
100%
Poison Victreebel
100%
Poison Vileplume
100%
Ice Abomasnow
83%
Normal Arboliva
83%
N/A Bounsweet
83%
Poison Budew
83%
N/A Cacnea
83%
Dark Cacturne
83%
N/A Capsakid
83%
Psychic Celebi
83%
N/A Cherrim
83%
N/A Cherubi
83%
Fighting Chesnaught
83%
N/A Chespin
83%
N/A Chikorita
83%
Fairy Cottonee
83%
Rock Cradily
83%
Flying Dartrix
83%
Ghost Decidueye
83%
Ghost Dhelmise
83%
Normal Dolliv
83%
N/A Eldegoss
83%
Psychic Exeggcute
83%
Psychic Exeggutor
83%
Steel Ferroseed
83%
Steel Ferrothorn
83%
Dragon Flapple
83%
N/A Fomantis
83%
Poison Gloom
83%
Ghost Gourgeist
83%
N/A Grotle
83%
Dragon Hydrapple
83%
Steel Kartana
83%
N/A Leafeon
83%
Bug Leavanny
83%
Rock Lileep
83%
N/A Lilligant
83%
Water Lombre
83%
Water Lotad
83%
Water Ludicolo
83%
N/A Lurantis
83%
N/A Maractus
83%
Dark Meowscarada
83%
Fairy Morelull
83%
Poison Oddish
83%
N/A Petilil
83%
Ghost Poltchageist
83%
Ghost Pumpkaboo
83%
N/A Rillaboom
83%
Poison Roserade
83%
Flying Rowlet
83%
Fire Scovillain
83%
N/A Seedot
83%
N/A Serperior
83%
N/A Servine
83%
Bug Sewaddle
83%
Dark Shiftry
83%
Fairy Shiinotic
83%
Ghost Sinistcha
83%
Normal Smoliv
83%
N/A Snivy
83%
Ice Snover
83%
N/A Steenee
83%
N/A Sunflora
83%
N/A Sunkern
83%
Bug Swadloon
83%
MONOTYPE Tangela
83%
N/A Tangrowth
83%
Ground Toedscool
83%
Ground Toedscruel
83%
Ground Torterra
83%
N/A Treecko
83%
Ghost Trevenant
83%
Flying Tropius
83%
N/A Turtwig
83%
Poison Weepinbell
83%
Fairy Whimsicott
83%
Dragon Alola Exeggutor
67%
Poison Amoonguss
67%
Ghost Brambleghast
67%
Ghost Bramblin
67%
Dark Brute Bonnet
67%
N/A Carnivine
67%
Normal Deerling
67%
Dragon Dipplin
67%
N/A Floragato
67%
Poison Foongus
67%
N/A Gogoat
67%
N/A Gossifleur
67%
N/A Grookey
67%
Fighting Hisuian Decidueye
67%
Electric Hisuian Electrode
67%
Fighting Hisuian Lilligant
67%
Electric Hisuian Voltorb
67%
N/A Land Shaymin
67%
Ice Mega Abomasnow
67%
Fighting Mega Chesnaught
67%
Fairy Mega Meganium
67%
Dragon Mega Sceptile
67%
Poison Mega Venusaur
67%
Poison Mega Victreebel
67%
Electric Mow Rotom
67%
Dark Nuzleaf
67%
N/A Pansage
67%
Ghost Phantump
67%
Bug Plant Cloak Wormadam
67%
N/A Quilladin
67%
Normal Sawsbuck
67%
N/A Simisage
67%
N/A Skiddo
67%
Flying Sky Shaymin
67%
N/A Sprigatito
67%
Fairy Tapu Bulu
67%
N/A Teal Mask Ogerpon
67%
N/A Thwackey
67%
N/A Tsareena
67%
Fighting Virizion
67%
Dark Zarude
67%
Psychic Calyrex
50%
Rock Cornerstone Mask Ogerpon
50%
Fire Hearthflame Mask Ogerpon
50%
Psychic Iron Leaves
50%
Water Wellspring Mask Ogerpon
50%
Dark Wo-Chien
50%
No matching quizzes found
Score Distribution
Percent of People with Each Score
Percentile by Number Answered
Your Score History
You have not taken this quiz since the last reset